<?xml version="1.0" encoding="UTF-8"?><?xml-stylesheet type="text/xsl" href="static/style.xsl"?><OAI-PMH xmlns="http://www.openarchives.org/OAI/2.0/" xmlns:xsi="http://www.w3.org/2001/XMLSchema-instance" xsi:schemaLocation="http://www.openarchives.org/OAI/2.0/ http://www.openarchives.org/OAI/2.0/OAI-PMH.xsd"><responseDate>2026-06-30T21:44:22Z</responseDate><request verb="GetRecord" identifier="oai:riubu.ubu.es:10259/6372" metadataPrefix="marc">https://riubu.ubu.es/oai/request</request><GetRecord><record><header><identifier>oai:riubu.ubu.es:10259/6372</identifier><datestamp>2022-12-02T12:41:55Z</datestamp><setSpec>com_10259_6171</setSpec><setSpec>com_10259_5086</setSpec><setSpec>com_10259_2604</setSpec><setSpec>col_10259_6172</setSpec></header><metadata><record xmlns="http://www.loc.gov/MARC21/slim" xmlns:doc="http://www.lyncode.com/xoai" xmlns:xsi="http://www.w3.org/2001/XMLSchema-instance" xmlns:dcterms="http://purl.org/dc/terms/" xsi:schemaLocation="http://www.loc.gov/MARC21/slim http://www.loc.gov/standards/marcxml/schema/MARC21slim.xsd">
<leader>00925njm 22002777a 4500</leader>
<datafield tag="042" ind1=" " ind2=" ">
<subfield code="a">dc</subfield>
</datafield>
<datafield tag="720" ind1=" " ind2=" ">
<subfield code="a">Revilla Cuesta, Víctor</subfield>
<subfield code="e">author</subfield>
</datafield>
<datafield tag="720" ind1=" " ind2=" ">
<subfield code="a">Evangelista, Luís</subfield>
<subfield code="e">author</subfield>
</datafield>
<datafield tag="720" ind1=" " ind2=" ">
<subfield code="a">Brito, Jorge de</subfield>
<subfield code="e">author</subfield>
</datafield>
<datafield tag="720" ind1=" " ind2=" ">
<subfield code="a">Skaf Revenga, Marta</subfield>
<subfield code="e">author</subfield>
</datafield>
<datafield tag="720" ind1=" " ind2=" ">
<subfield code="a">Ortega López, Vanesa</subfield>
<subfield code="e">author</subfield>
</datafield>
<datafield tag="260" ind1=" " ind2=" ">
<subfield code="c">2022-01</subfield>
</datafield>
<datafield tag="520" ind1=" " ind2=" ">
<subfield code="a">The high strength and durability of high-performance concrete (HPC) may be significantly reduced by shrinkage cracking. The use of reactive magnesium oxide (MgO) can reduce shrinkage of cement-based materials due to its expansive properties. This study intends to analyse the validity of MgO as shrinkage-reducing agent in recycled aggregate HPC. To do so, ten HPC mixes with 0%, 25%, and 100% of both early-age (7-days air curing) and matured (6-month air curing) RA were produced. In half of the mixes, 10% ordinary Portland cement was replaced with MgO. The use of MgO slightly worsened the mechanical behaviour of HPC, especially when combined with large amounts of RA. On the other hand, the expansion of MgO fully offset the autogenous shrinkage of HPC and reduced total shrinkage by around 20–40%. Water storage of RA, and its deferred release over time, produced a more efficient hydration of MgO, which in turn led to a further reduction of autogenous shrinkage. However, the increase of drying shrinkage caused by RA was greater than this decrease of autogenous shrinkage due to MgO, so the higher the RA content of HPC the lower the total shrinkage reduction when adding MgO. Thus, the decrease of total shrinkage caused by MgO was compensated by the shrinkage increase because of RA when adding amounts above 35% early-age RA and 42% matured RA. Therefore, despite the suitability of MgO as shrinkage-reducing agent in recycled aggregate HPC, its effectiveness was reduced with increasing amounts of RA.</subfield>
</datafield>
<datafield tag="024" ind2=" " ind1="8">
<subfield code="a">0950-0618</subfield>
</datafield>
<datafield tag="024" ind2=" " ind1="8">
<subfield code="a">http://hdl.handle.net/10259/6372</subfield>
</datafield>
<datafield tag="024" ind2=" " ind1="8">
<subfield code="a">10.1016/j.conbuildmat.2021.125726</subfield>
</datafield>
<datafield ind1=" " ind2=" " tag="653">
<subfield code="a">High-performance concrete</subfield>
</datafield>
<datafield ind1=" " ind2=" " tag="653">
<subfield code="a">Recycled aggregates</subfield>
</datafield>
<datafield ind1=" " ind2=" " tag="653">
<subfield code="a">Recycled aggregate’s maturity</subfield>
</datafield>
<datafield ind1=" " ind2=" " tag="653">
<subfield code="a">Magnesium oxide</subfield>
</datafield>
<datafield ind1=" " ind2=" " tag="653">
<subfield code="a">Autogenous shrinkage</subfield>
</datafield>
<datafield ind1=" " ind2=" " tag="653">
<subfield code="a">Drying shrinkage</subfield>
</datafield>
<datafield tag="245" ind1="0" ind2="0">
<subfield code="a">Mechanical performance and autogenous and drying shrinkage of MgO-based recycled aggregate high-performance concrete</subfield>
</datafield>
</record></metadata></record></GetRecord></OAI-PMH>